A beginner`s course in boundary element methods (Record no. 15532)

MARC details
000 -LEADER
fixed length control field 00548 am a2200205 a 4500
001 - CONTROL NUMBER
control field 152774
003 - CONTROL NUMBER IDENTIFIER
control field OSt
005 - DATE AND TIME OF LATEST TRANSACTION
control field 20220225151056.0
008 - FIXED-LENGTH DATA ELEMENTS--GENERAL INFORMATION
fixed length control field 60315 ###
020 ## - INTERNATIONAL STANDARD BOOK NUMBER
International Standard Book Number 9789383803071
082 ## - DEWEY DECIMAL CLASSIFICATION NUMBER
Classification number 515.35
Item number A41B
100 1# - MAIN ENTRY--PERSONAL NAME
Personal name Ang, Whey-Teong
245 1# - TITLE STATEMENT
Title A beginner`s course in boundary element methods
Statement of responsibility, etc by Whey-Teong Ang
260 ## - PUBLICATION, DISTRIBUTION, ETC. (IMPRINT)
Place of publication, distribution, etc New Delhi
Name of publisher, distributor, etc Overseas Press
Date of publication, distribution, etc 2015
300 ## - PHYSICAL DESCRIPTION
Extent 251p.
653 ## - INDEX TERM--UNCONTROLLED
Uncontrolled term Mathematics
653 ## - INDEX TERM--UNCONTROLLED
Uncontrolled term Boundary element methods
653 ## - INDEX TERM--UNCONTROLLED
Uncontrolled term Differential equations
942 ## - ADDED ENTRY ELEMENTS (KOHA)
Source of classification or shelving scheme Dewey Decimal Classification
Koha item type Books
Holdings
Withdrawn status Lost status Source of classification or shelving scheme Damaged status Not for loan Collection code Home library Current library Date acquired Source of acquisition Total Checkouts Full call number Barcode Date last seen Price effective from Koha item type
    Dewey Decimal Classification     General Text Book Central University Of Rajasthan Central University Of Rajasthan 15/03/2016 MTH   515.35 A41B 26976 21/11/2024 02/09/2020 Books